Ładuje się......

മുന്നൂറ്റാന്മാരുടെ തെയ്യങ്ങള്‍ നാട്ടറിവുകള്‍

Opis bibliograficzny
Główni autorzy: സത്യനാരായണന്‍ എ, Sathyanarayanan A
Format: Printed Book
Wydane: Kannur; Pustaka Bhavan; 2012
Wydanie:1st
Hasła przedmiotowe:
LEADER 00824nam a22001817a 4500
082 |a 398.27  |b SAT/M Q2 
100 |a സത്യനാരായണന്‍ എ  |9 196710 
100 |a Sathyanarayanan A   |9 253177 
240 |a Moonnuttanmarude Theyyangal Nattarivukal 
245 |a മുന്നൂറ്റാന്മാരുടെ തെയ്യങ്ങള്‍ നാട്ടറിവുകള്‍ 
250 |a 1st 
260 |a Kannur;  |b Pustaka Bhavan;  |c 2012 
300 |a 232p. 
650 |a മലയാളം; നാടന്‍ വിജ്ഞാനീയം   |9 253178 
650 |a Malayalam; Folklore Study  |9 253179 
942 |c BK 
999 |c 71728  |d 71728 
952 |0 0  |1 0  |4 0  |6 398_270000000000000_SAT_M_Q2  |7 0  |8 FOLKS  |9 84743  |a MAL  |b MAL  |d 2017-01-05  |e 56095  |g 200.00  |l 0  |o 398.27 SAT/M Q2  |p MAL056095  |r 2017-01-05  |t 1  |w 2017-01-05  |y BK